00530cam a2200157 i 4500020001800000040000800018082002600026100002500052245013400077300002600211650001700237650001000254650001500264650001800279710007500297 a9789715601597 cDLC a334 GIL 2016 A035 Or.1 aLlanto, Gilberto M.,10aStrengthening markets of high value fruits and vegetables in Mindanao :bthe case of transport and shipping service improvement / axv, 66 pages ;c26 cm 0aFarm produce 0aFruit 0aVegetables 0aProduce trade2 aSEAMEO Regional Center for Graduate Study and Research in Agriculture,